| 000 | 00772cam a2200241 a 4500 | ||
|---|---|---|---|
| 005 | 20160115095838.0 | ||
| 008 | 870427s1986 ck af b 000 0 eng | ||
| 020 | _a9589044204 | ||
| 040 |
_aDLC _cDLC _dOCoLC _dDLC _dCO-BoIAVH |
||
| 041 | 0 | _aspa | |
| 043 | _as-sr--- | ||
| 082 | 0 | 4 |
_a582.13 _bM56f |
| 100 | 1 |
_aMerian, Maria Sibylla, _d1647-1717. |
|
| 240 | 1 | 0 | _kSelections |
| 245 | 1 | 3 |
_aLa flora de Indias = South American flora / _cMaría Sybilla Merian. |
| 250 | _aSegunda edición | ||
| 260 |
_aBogotá : _bC. Valencia Editores, _c1986. |
||
| 300 |
_a17 p., [30] hojas de láminas _bcol. ill. ; _c35 cm. |
||
| 650 | 1 | 4 | _aPlantas |
| 650 | 2 | 6 |
_aLepidoptera _vObras pictóricas |
| 650 | 2 | 6 |
_aInsectos _vObras pictóricas |
| 942 |
_2ddc _cLIBRO |
||
| 999 |
_c1984 _d1984 |
||